Loading...
| Mythology | 1 | 2 | 1 | 1 | 30 | 86 | 102.67 | 0 | 2 |
| History - Other History | 0 | 3 | 0 | 1 | 30 | 94 | 107.33 | 0 | 2 |
| History - World History | 1 | 0 | 0 | 0 | 15 | 45 | 45.00 | 0 | 1 |
| History - European History | 0 | 1 | 0 | 1 | 10 | 123 | 123.00 | 0 | 1 |
| Fine Arts - Auditory Fine Arts | 0 | 1 | 0 | 0 | 10 | 89 | 89.00 | 0 | 1 |
| Fine Arts - Other Fine Arts | 0 | 1 | 0 | 1 | 10 | 145 | 145.00 | 0 | 0 |
| Geography | 0 | 1 | 0 | 0 | 10 | 87 | 87.00 | 0 | 1 |
| Literature - American Literature | 0 | 1 | 0 | 0 | 10 | 111 | 111.00 | 0 | 0 |
| Pop Culture | 1 | 0 | 1 | 0 | 10 | 90 | 90.00 | 0 | 1 |
| History - American History | 0 | 1 | 1 | 0 | 5 | 107 | 107.00 | 0 | 1 |
| Social Science | 0 | 0 | 1 | 0 | -5 | 0.00 | 0 | 0 | |
| Science - Biology | 0 | 0 | 1 | 0 | -5 | 0.00 | 0 | 0 | |
| Fine Arts - Visual Fine Arts | 0 | 0 | 2 | 0 | -10 | 0.00 | 0 | 0 |